00977nam a2200217 a 4500001001000000003000400010005001700014008004100031040002500072082002100097245009200118260008300210300003100293500009900324590002700423650006600450910003700516942001300553952017600566999001700742000033148OSt20201014152827.0110818s19uu dr c r 000 0 spa d aDO-SdBNPbspacBNPHU 4aR 382.025bD598e00aDirectorio de exportadores, importadores é industriales de la República Dominicana. aCiudad Trujillo, República Dominicana :bImprenta Listín Diario,c[19--?]. a[84 p.] :bretr. ;c21 cm. aEn la cubierta: Negociado de Comercio Exterior. Secretaria de Estado de Relaciones Exteriores. aInventariado, 2018/ YL 4aRepública DominicanaxComercio exteriorvDirectorios976887 aValidado. Control de calidad MFF 2ddccLF1 00102ddc718RVaRbPDcHDd2011-08-18iLF1l0oR 382 D598ep33148-10r2020-06-25w2020-06-25y1zPerteneció a la biblioteca personal de Carlos Larrazábal Blanco c32639d32639